When Did They Live? #10 - Statistics

General Stats
  • This quiz has been taken 83 times
  • The average score is 7 of 10
Answer Stats
Name Description Answer % Correct
John F. Kennedy President 1917–1963
100%
Nikola Tesla Inventor 1856–1943
97%
Ferdinand Magellan Explorer 1480–1521
82%
Michelangelo Sculptor 1475–1564
74%
Johnny Appleseed Nurseryman 1774–1845
73%
Nero Emperor 37–68
73%
Franz Liszt Composer 1811–1886
69%
Guy Fawkes Traitor 1570–1606
65%
Hannibal General 247–183 BC
36%
Leonidas I King 540–480 BC
35%
No matching quizzes found
Score Distribution
Percent of People with Each Score
Percentile by Number Answered
Your Score History
You have not taken this quiz